Riadenie rizík a jeho vzťah k corporate governance v čase hospodárskych porúch bakalárska práca

Enregistré dans:
Détails bibliographiques
Auteur principal: Danišková, Mária
Collectivité auteur: Obchodná fakulta EU. Katedra medzinárodného obchodu
Autres auteurs: Steinhauser, Dušan, 1988-
Format: Livre
Langue:slovaque
Publié: Bratislava 2017
Tags: Ajouter un tag
Pas de tags, Soyez le premier à ajouter un tag!

MARC

LEADER 00000nbm a2200000 4500
001 0232810
005 20170818093729.2
041 0 |a slo 
044 |a SK 
245 1 0 |a Riadenie rizík a jeho vzťah k corporate governance v čase hospodárskych porúch  |b bakalárska práca  |c Mária Danišková ; školiteľ: Dušan Steinhauser 
264 1 |a Bratislava  |c 2017 
300 |a 57 s. 
100 1 |a Danišková, Mária 
700 1 |a Steinhauser, Dušan, 1988- 
710 2 |a Obchodná fakulta EU. Katedra medzinárodného obchodu